000 00576nam a2200193 i 4500
001 39304
003 ES-MaACL
005 20250607063017.0
007 t|
008 030227s1961 xxk ||||1| eng d
080 _a821.133.1-31"19"
100 1 _aCamus, Albert,
_d1913-1960
_9240798
245 1 4 _aThe outsider /
_cAlbert Camus ; translated by Stuart Gilbert.
260 _aLondon :
_bPenguin Books,
_c1961 (
_fImp. Hunt Bernad & Co.)
300 _a126 p. ;
_c18 cm.
700 1 _aGilbert, Stuart.
_956922
852 _aES-MaACL
_jC-21496
999 _c39304
_d39304